书目信息 |
| 题名: |
论法的精神
|
|
| 作者: | 孟德斯鸠 著 ;许明龙 译 | |
| 分册: | 下卷 | |
| 出版信息: | 北京 商务印书馆 2012.05 |
|
| 页数: | 519-1153页 | |
| 开本: | 21cm | |
| 丛书名: | ||
| 单 册: | ||
| 中图分类: | B565.24 | |
| 科图分类: | ||
| 主题词: | 孟德斯鸠,C.(1689-1775)-政治思想 , 孟德斯鸠,C.(1689-1775)-国家和法的理论 | |
| 电子资源: | ||
| ISBN: | 978-7-100-09013-1 | |
| 000 | 01266nam0 2200253 450 | |
| 001 | 3384 | |
| 005 | 20161208110357.48 | |
| 010 | @a978-7-100-09013-1@dCNY44.00 | |
| 100 | @a20120628d2012 em y0chiy50 ea | |
| 101 | 1 | @achi@cfre |
| 102 | @aCN@b110000 | |
| 105 | @ay z 000yy | |
| 200 | 1 | @a论法的精神@h下卷@9lun fa de jing shen ( shang xia juan )@f(法)孟德斯鸠著@g许明龙译 |
| 210 | @a北京@c商务印书馆@d2012.05 | |
| 215 | @a519-1153页@d21cm | |
| 330 | @a作者阐述了自然法理论、法和法律定义,法律与政体关系,以及政体分类、各种政体的性质和原则等问题。阐述政治自由和三权分立学说,并以英国为例提出了君主立宪制的政治主张。论述了自然条件同政治法律的关系,认为自然地理环境对社会政治法律制度具有重大的制约性。论述了法律和工业、商业、货币、贸易、人口及宗教等关系,主张兴办工商业,发展贸易,反对横征暴敛,促进国际交往和世界和平。并论述罗马继承法和法国民法的起源和变革。强调严格区分各种法律规定的范围和制定法律应遵循的原则及其应注意的问题。 | |
| 333 | @a法律研究人员及爱好者 | |
| 606 | 0 | @a孟德斯鸠,C.(1689-1775)-政治思想 |
| 606 | 0 | @a孟德斯鸠,C.(1689-1775)-国家和法的理论 |
| 690 | @aB565.24@v4 | |
| 701 | 0 | @a孟德斯鸠@9meng de si jiu@4著 |
| 702 | 0 | @a许明龙@9xu ming long@4译 |
| 801 | 0 | @aCN@b大连网信软件有限公司图书馆·11@c20161208 |
| 905 | @aZUCC@dB565.24@e62:2 | |
| 论法的精神.下卷/(法)孟德斯鸠著/许明龙译.-北京:商务印书馆,2012.05 |
| 519-1153页;21cm |
| 使用对象:法律研究人员及爱好者 |
| ISBN 978-7-100-09013-1:CNY44.00 |
| 作者阐述了自然法理论、法和法律定义,法律与政体关系,以及政体分类、各种政体的性质和原则等问题。阐述政治自由和三权分立学说,并以英国为例提出了君主立宪制的政治主张。论述了自然条件同政治法律的关系,认为自然地理环境对社会政治法律制度具有重大的制约性。论述了法律和工业、商业、货币、贸易、人口及宗教等关系,主张兴办工商业,发展贸易,反对横征暴敛,促进国际交往和世界和平。并论述罗马继承法和法国民法的起源和变革。强调严格区分各种法律规定的范围和制定法律应遵循的原则及其应注意的问题。 |
| ● |
| 相关链接 |
|
|
|
|
正题名:论法的精神
索取号:B565.24/62:2
 
预约/预借
| 序号 | 登录号 | 条形码 | 馆藏地/架位号 | 状态 | 备注 |
| 1 | 913139 | 209131394 | 第一样本阅览室/ [索取号:B565.24/62:2] | 在馆 | |
| 2 | 913140 | 209131401 | 第一借阅区/ [索取号:B565.24/62:2] | 在馆 | |
| 3 | 913141 | 209131410 | 第一借阅区/ [索取号:B565.24/62:2] | 在馆 | |
| 4 | 913142 | 209131429 | 第一借阅区/ [索取号:B565.24/62:2] | 在馆 | |
| 5 | 913143 | 209131438 | 第一借阅区/ [索取号:B565.24/62:2] | 在馆 |